| 000 | 00581nam a2200193Ia 4500 | ||
|---|---|---|---|
| 003 | GCL | ||
| 008 | 140319s9999 xx 000 0 ara d | ||
| 040 |
_aGCL / _cGCL |
||
| 082 | 0 | 4 |
_a823.0872 _bك ا |
| 100 | 1 | _aكريستى ,اجاثا | |
| 245 | 1 | 0 |
_aاسرار المدافن المصريه / _cكريستى ,اجاثا |
| 700 | 1 | _aمازن نقاع | |
| 300 | _a126 ص | ||
| 490 | _a | ||
| 650 | 0 | 4 | _aالقصص البوليسية |
| 650 | 0 | 4 | _aالقصص الانجليزية المترجمة |
| 650 | 0 | 4 | _aالادب الانجليزى المترجم |
| 942 |
_2ddc _cBK |
||
| 999 |
_c44447 _d44447 |
||